| 000 | 01065nam a22002537a 4500 | ||
|---|---|---|---|
| 999 |
_c65737 _d65737 |
||
| 005 | 20240530110840.0 | ||
| 008 | 200912s2020 ua a g b 000 0dara d | ||
| 017 |
_a2019/22452 _bمصر. دار الكتب |
||
| 020 | _a9789773224226 | ||
| 040 |
_aEG-CaGPL _cEG-CaGPL |
||
| 082 | 0 | 4 |
_221 _a891.4 _bط ض |
| 100 | 1 | _aطاغور ، رابندرا نات | |
| 245 | 0 | 2 |
_aالضحية وقصص اخرى / _cتاليف رابندرانات طاغور ؛ ترجمها اسماعيل مظهر ؛ تقديم احمد الهوارى ؛ تحرير اسماعيل جلال مظهر |
| 250 | _aط.1 | ||
| 260 |
_aالقاهرة : _bعين للدراسات و البحوث الانسانية و الاجتماعية، _c2020 |
||
| 300 |
_a146 ص. ؛ _c24 سم. |
||
| 650 | 0 | 7 |
_2qrmak _aالقصص الهندية |
| 651 | _2qrmak | ||
| 700 | 0 |
_aاسماعيل مظهر _eمترجم |
|
| 700 | 0 |
_aاسماعيل جلال مظهر _eمحرر |
|
| 700 | 0 |
_aاحمد الهوارى _eتقديم |
|
| 942 |
_2ddc _cBK |
||